01539nam a2200349 a 4500001001000000003000500010005001700015008004100032010001100073011001100084040000900095090001000104100004100114245014400155260004100299500006000340502008300400590004100483590004100524590004000565590004000605650005300645650005800698650004500756856007000801901000700871942001000878942000600888999001900894952013600913952014001049000112960CHAP20220329144330.0170227s2016 mx sm |||||||spa d a109421 a110393 cCHAP aTesis1 aMonsivais Marquez, Salvador.913160410aNaturaleza-poder -cultural :h[En línea]bpercepciones y representaciones entre los Nahuas o mexicanos /cpor Salvador Monsivais Marquez. aChapingo, Méx. :bEl autor,c2016. aPara ver el contenido del material haga clic en la liga aTesis (Ph. D. en Ciencias Agrarias)-- UACH. Departamento de Sociología Rural aBATCH-UPDb05c20170227lUCH01h1359 aE11695DGDb10c20170301lUCH01h0944 aE5765TAJb05c20170227lUCH01h1358 aE5765TAJb05c20170228lUCH01h084914aIndios de OaxacaxPolítica y gobierno.912770214aIndios de OaxacaxRelaciones gubernamentales.913160514aNahuasxVida social y costumbres.980062 aFinding aiduhttp://10.13.5.2/tesis/sist112960.pdfzTeclea aquí aBK cTESIS n0 c109421d109421 00104054718TESISaBCbBCd2017-02-28fTESISl0oTesisp33724002525553r2019-12-31 00:00:00w2019-12-31yTESISzRecien adquirido 00102local4053708TESISaBCbBCcPA_TESISd2017-02-28fTESISl0oTesisp33724002525595r2019-12-31 00:00:00tc.2w2019-12-31yTESIS